000
00356nam a2200145Ia 4500
999
_c
10422
_d
10422
008
220308s9999 xx 000 0 und d
020
_a
9783037786444
082
_a
720.92
100
_a
Louis Kahn
245
0
_a
Louis Kahn Importance Of A Drawing
260
_b
Lars Muller Publishers (6 May 2021)
365
_c
EUR
365
_d
80
942
_2
ddc